MDQL
is popping MORE tags! Check the
thread
!
Quizzes
Events
Quiz Creation
Community
Videos
Private Events
Remove Ads
Sign In
Join for FREE
Feedback
Dark Mode
Quiz Categories
Sports
Geography
Music
Movies
Television
Just For Fun
Miscellaneous
History
Literature
Language
Science
Gaming
Entertainment
Religion
Holiday
For Kids
Quiz Lab
Recent
Popular Today
Quiz Kudos Today
Editor Picks
Curator Picks
Quizzes by...
Day
Popularity
Type
Ratings
Length
Year
Community
Subscriptions
Recent Discussions
Orange Saloon
Badges
Playlists
Quests
Create
Leaderboards
Showdown
Live 5
Trivia Bingo
Activity
Puzzle Library
Sporcle Events
Private Events
Virtual Trivia
Globe League
Become a Host
Pub Owners
SporcleCon
Opinionation
Our Games
Videos
Blog
Mobile Apps
Partnerships
Remove Ads and Go Orange
Feedback
Music
Pop Music
The Beatles
Song
Album
Lyrics
Bands
Singers
Artist
Clip
Rock
Rap
Classical
Billboard
Country Music
Kpop
Taylor Swift
Music
Pop Music
The Beatles
Song
Album
Lyrics
Bands
Singers
Artist
Clip
Rock
Rap
Classical
Billboard
Country Music
Kpop
Taylor Swift
Random Quiz
Search Sporcle
×
Quiz Lab
Quiz Lab
Music
Bands
Type in answers that appear in a list
Type in answers that appear in a list
Classic
Best Score? Go Orange.
Alternative Song Titles #2 Stats
Can you name the Alternative Song Titles #2?
By
imabanana
8m
45 Questions
427 Plays
427 Plays
427 Plays
Comments
Comments
Give Quiz Kudos
Give Quiz Kudos
-
- Ratings
hide this ad
More Info
Replay
Link that replays current quiz
Next Quiz
Link to next quiz in quiz playlist
You Got
0%
They Got
Avg Score
47%
Avg Friend Score
Upgrade to see
Score Distribution
Jump to the score distribution portion of the page
Score
0/45
Timer
08:00
0
Plays Today
Alternative Title
Actual Title
% Correct
Oh Dear, I Seem to Have Repeated My Previous Mistakes
Oops!...I Did it Again
93%
Please Be Quiet
Shut Up
88.5%
Close Your Mouth and Concentrate on the Road
Shut Up and Drive
82.7%
In Between the Beginning and the End
The Middle
76.3%
Pursuing Vauxhall Astras
Chasing Cars
74%
240 Seconds
4 Minutes
74%
I Order You To Create a Stream with Your Tears
Cry Me A River
74%
Protection From Precipitation
Umbrella
72.6%
A Quick Guide to Life-
Saving
How To Save A Life
71.7%
If I was Born with a Penis
If I Were A Boy
70.5%
We Shall Throw Pebbles at You
We Will Rock You
70.3%
Today is Quite Magnificent
Beautiful Day
66.7%
Clinic for Addicts
Rehab
66.7%
Red Gemstone
Ruby
65.8%
Cold Ice Cream Beverage
Milkshake
63.9%
Getting up in Nevada
Waking up in Vegas
59.3%
Grin as if you Want to
Smile Like You Mean it
56.9%
Turquoise Beginning of the Week
Blue Monday
53.9%
Semen in my Undergarments
Jizz in my Pants
53.9%
I Seem Unable To Remove You From my Mind
Can't Get You out of my Head
53.6%
Best-
Selling 2002 Xbox Video Game
Halo
51.3%
Aryan Stallion
White Horse
49.4%
Please Allow it to Remain as it Currently is
Let It Be
48.7%
Alternative Title
Actual Title
% Correct
Please Send this Back to Whom that Posted it
Return to Sender
46.4%
Here Be Confectionary
Candy Shop
45.7%
Result of a Stellar Explosion With Massive Amounts of Energy
Supermassive Black Hole
44%
Engaging in Housework, Especially in my Bedroom
Cleanin' out my Closet
41.5%
Depressing Companies
Misery Business
37.5%
31st Century
Year 3000
36.5%
Stellar Explosion With Massive Amounts of Energy
Supernova
33.7%
Rotary Wing Aircraft
Helicopter
31.9%
Alas at this Current Point in Time we are not Acquaintances
Haven't Met You Yet
30%
The 24th Letter of the Alphabet Will Hand it to You
X Gon' Give it to Ya
28.8%
I have been hit by a Large Ball of Burning Gas
Starstrukk
28.6%
I am not the only Person Here
I'm Not Alone
27.9%
We Must Engage in Battle for this Romance
Fight for this Love
26.7%
Pyrite
Fool's Gold
23.2%
Loony
Bonkers
19.9%
The Noise the Subway Makes
Sound of the Underground
18.5%
An Assortment of Different Hues in her Hair
Five Colours in her Hair
17.8%
Wearing my High Quality Wristwatch
Wearing my Rolex
13.3%
No Need to Rush
Patience
13.3%
Tobacco Addicts Beside the Entrance to the Hospital
Smokers Outside the Hospital Doors
8.4%
If Only I was a Double 0 Agent
I Wish I was James Bond
7.7%
Just Popping down to Tescos
Shopping
4.2%
Quiz Playlist
Details
Report
Send in Message
Add To Playlist
More Info:
Try Alternative Titles #1: http://www.sporcle.com/games/imabanana/AlternativeTitles
Classic:
Type in answers that appear in a list
Last Updated: Feb 16, 2017
Quiz Scoreboard
CHALLENGE
Sign Up to Join the Scoreboard
Show All
Scores
Hide
Comments
May contain spoilers
Recently Published
5x2 Blitz: Bands
by SL_Kpop136
Music
30s
Colored Red Africa Blitz
by spor1
Geography
30s
Find the 'City' Movie
by crazypaving
Movies
60s
More to Explore
Quiz From the Vault
Featured Blog Post
14 Easter Pick-up Lines to Find Eggs With
hide this ad
You Might Also Like...
Tags
Bands Quiz
Song Quiz
Actual
Alternative
Alternative Music
Today's Top Quizzes in Music
Browse Music
hide this ad
Today's Top Quizzes in Bands
Browse Bands
Top Contributed Quizzes in Music
1
5X2 Blitz: Bands II
2
Taylor Swift All Songs (2024)
3
5X2 Blitz: The Beatles
4
5X2 Blitz: Billboard
5
Taylor Swift Logic Puzzle
6
Taylor Swift Logic Puzzle II
7
5X2 Blitz: Album
8
5X2 Blitz: Billboard II
9
Music Artist by Three 2010s hits
10
5X2 Blitz: Rock
Explore More
Trending Topics
NBA
Kpop
Marvel
Harry Potter
Crossword
Anime
Disney
WWE
NFL
The Office
Puzzle
Country
Song
Soccer
Pokémon
hide this ad
More By:
imabanana
Quiz
Plays
Rating
Category
Featured
Created
FIFA World Rankings Since 1993
263,538
4.58
Sports
Sep 24, 2011
Most Visited Websites Per Country
244,380
4.43
Miscellaneous
Sep 8, 2010
International Soccer Cup Winners
223,747
4.65
Sports
May 1, 2010
English Football Champions Minefield
155,425
4.40
Sports
Jun 24, 2011
Pokémon by Letter (Each Generation)
93,460
4.30
Gaming
Jun 26, 2011
Go to Creator's Profile
Score Distribution
Quiz Creator Spotlight
imabanana
Follow
Send a Message
Quizzes Created
-
Created Quiz Play Count
-
More By This Creator
Popular Quizzes Today
1
Find the 'City' Movie
2
5x2 Blitz: Bands
3
Colored Red Africa Blitz
4
Find the US States - No Outlines Minefield
5
The Countries of the World
6
Find the US States
7
9x9 Crossword: Cartoon Network
8
US States
More Music Quizzes
Grammy Nominees (2011)
Published
Trending Quizzes
Colored Red Europe Blitz I
Colored Red Africa Blitz II
Colored Red Europe Blitz III
Colored Red Europe Blitz II
Colored Red Africa Blitz III
Recently Updated
Champions League XIs: Real Madrid
pecheneg
Largest US Cities 1790-2010
pecheneg
Rides in Walt Disney World
pecheneg
Most Oscar Losses (Acting)
pecheneg
Beyoncé Albums
pecheneg
Leaping Animals
pecheneg
Reality TV Shows (A-Z)
bhenderson79
Rickey Henderson's Hall of Fame Teammates
pecheneg
Champions League XIs: Arsenal
pecheneg
Quick Pick: Celebrities in WWE's Hall of Fame
aduchscher
Trending Topics
Anime
Harry Potter
Marvel
Kpop
Disney
Crossword
NBA
Song
The Office
Country
Puzzle
Pokémon
Soccer
NFL
WWE
Your Account Isn't Verified!
In order to create a playlist on Sporcle, you need to verify the email address you used during registration. Go to your
Sporcle Settings
to finish the process.
Report this User
Report this user for behavior that violates our
Community Guidelines
.
Details:
Send Report
Go to the Sporcle.com Mobile Site →
Comments